| 000 | 00621cab a2200217 4500 | ||
|---|---|---|---|
| 001 | ABS54318 | ||
| 008 | 090401t1996 xxu||||| |||| 00| 0 eng d | ||
| 035 | _a(Sirsi) u9775 | ||
| 041 | _aeng | ||
| 100 | _aMacneil, J. | ||
| 245 | _aRisk management: chance meeting | ||
| 260 | _c1996 | ||
| 350 | _a0 | ||
| 490 |
_aBuilding _v261(7925) 26 January 1996, 44-45(2) |
||
| 520 | _aIdentifies areas of risk which companies should be aware of when drawing up a risk management strategy. | ||
| 650 | _aDISASTER PLANNING | ||
| 650 | _aRISK MANAGEMENT | ||
| 690 | _aECONOMIC AND SOCIAL | ||
| 942 | _n0 | ||
| 948 | _c04/03/1997 | ||
| 999 |
_c6145 _d6145 |
||